Statistics for Countries Containing T - Two Minute Sprint

Click here to take the quiz!

General Stats

  • This quiz has been taken 125 times
  • The average score is 32 of 68

Answer Stats

country% Correct
United States
80%
Turkmenistan
79%
Tajikistan
73%
Turkey
73%
United Kingdom
73%
Australia
72%
Tonga
69%
South Korea
63%
Thailand
63%
Tuvalu
62%
United Arab Emirates
62%
Pakistan
61%
Portugal
61%
South Africa
61%
Tunisia
61%
Uzbekistan
61%
Afghanistan
59%
Kazakhstan
59%
Togo
59%
Austria
58%
Kyrgyzstan
58%
Lithuania
58%
St Kitts and Nevis
58%
St Lucia
58%
Trinidad and Tobago
58%
Latvia
56%
Netherlands
56%
St Vincent and
the Grenadines
56%
Tanzania
56%
Switzerland
55%
Estonia
54%
Taiwan
54%
Argentina
52%
South Sudan
52%
Guatemala
51%
North Korea
51%
Antigua and Barbuda
49%
Italy
49%
Egypt
48%
Malta
46%
Croatia
41%
Liechtenstein
41%
Vanuatu
41%
Haiti
39%
Bhutan
38%
Costa Rica
38%
Ethiopia
37%
Timor-Leste
35%
Vietnam
35%
Vatican City
34%
Botswana
32%
Mauritania
32%
Mauritius
32%
São Tomé and
Príncipe
31%
Kiribati
30%
Kuwait
30%
Montenegro
30%
Djibouti
25%
Eritrea
25%
Qatar
25%
Equatorial Guinea
23%
Lesotho
23%
Central African Republic
21%
Côte d'Ivoire
17%
Eswatini
17%
North Macedonia
15%
Palestine
4%
Sint Maarten
1%

Score Distribution

Percentile by Number Answered

Percent of People with Each Score

Your Score History

You have not taken this quiz